Statistics for Famous Canals

Click here to take the quiz!

General Stats

  • This quiz has been taken 66 times
    (55 since last reset)
  • The average score is 4 of 12

Answer Stats

HintCanal% Correct
Connects the Pacific to the AtlanticPanama Canal
98%
Connects the Atlantic Ocean to the Indian OceanSuez Canal
94%
Capital of the NetherlandsCanals of Amsterdam
57%
Located in a city in Italy composed of many small islandsGrand Canal
53%
Canal in upstate New York that starts at the HudsonErie Canal
41%
36-mile-long inland waterway in the North West of EnglandManchester Ship Canal
20%
Runs from Cernavodă to ConstanțaDanube–Black Sea Canal
8%
Canal in Massachusetts that connects to Buzzards BayCape Cod Canal
8%
Connects the Lake Ontario to the Lake ErieWelland Canal
6%
Ancient town in VietnamHội An
2%
Located in an archaeological site in MicronesiaNan Madol
2%
A city on the Laccadive Sea in India known for houseboatsAlappuzha
0%

Score Distribution

Percentile by Number Answered

Percent of People with Each Score

Your Score History

You have not taken this quiz since the last reset